000 00481nam a2200181Ia 4500
001 25143
005 20260414151130.0
008 260414t2009||||xx |||||||||||||| ||spa||
041 _aESP
082 _a346.2
_bV39
100 _aVega Mere, Yuri
_eAUT
245 0 _aNuevas fronteras del derecho de familia :
_bfamilias de hecho, ensambladas y homosexuales
260 _c2009
300 _a298 páginas :
_c24 cm.
650 _aDER
654 _aCDE
942 _cLIB
_dJUS
_fJUS
_2ddc
_n
999 _c25143
_d25143